| 000 | 01357nam a2200217Ia 4500 | ||
|---|---|---|---|
| 001 | 7058 | ||
| 003 | GE_BSU | ||
| 008 | 181216s||||||||xx |||||||||||||| ||und|| | ||
| 040 | _cGE_BSU | ||
| 080 | _a913(479.22)(084.4) | ||
| 245 | _aსაქართველოს ეროვნული ატლასი. | ||
| 245 | _cმთ.რედ:რამინ გობეჯიშვილი;მთ.რედ:მოადგილე;ალექსანდრე ჯავახიშვილი;სარედ.კოლ:ნანა ბოლაშვილი,გიორგი ლომინაძე;და სხვ. | ||
| 250 | _aივ.ჯავახიშვილის სახ.თბ.სახ.უნ-ტი;საქ.მეც.აკად.ვ.ბაგრატიონის სახ.გეოგრაფიის ინ-ტი,ზუსტი და საბუნებისმეტყველო მეცნ.ფაკულტეტის გეოგრაფიის დეპარტამენტი. | ||
| 260 | _aთბილისი. | ||
| 260 | _c2012. | ||
| 300 | _a164გვ;24სმ. | ||
| 300 | _bპარალ.თავფურც.რუს.და ინგლ.ენ. | ||
| 541 | _h60ლ. | ||
| 653 | _aსაქართველოს ეროვნული ატლასი. | ||
| 942 | _cBK | ||
| 999 |
_c40449 _d40449 |
||